000 00479nam a2200181Ia 4500
003 GCL
008 140319s9999 xx 000 0 ara d
040 _aGCL /
_cGCL
082 0 4 _a813.02
_bم ط
100 1 _aمحمد العسكرى
245 1 0 _aطريق الشيطان /
_cمحمد العسكرى
300 _a47
490 _aكتاب
_v0
650 0 4 _aالادب العربى
650 0 4 _aالادب الشعبى
650 0 4 _aقصة القصيدة
942 _2ddc
_cBK
999 _c42458
_d42458